000 00585nam a2200217Ia 4500
003 OSt
005 20220928144633.0
006 a|||||r|||| 00| 0
007 ta
008 220927b |||||||| |||| 00| 0 eng d
024 _a72576
037 _cTextual
040 _aSDCL
_cSDCL
_beng
041 _2eng
_aeng
082 _aO-,1L70:g, J0
100 _aDarbishire Helen
_9508785
245 0 _aPoet Wordsworth
_b The clark lectures Trinity college Cambridge 1949
260 _c1950
942 _hO-,1L70:g, J0
_cTEXL
_2CC
999 _c828563
_d828563